[Event "III Festival A"]
[Site "Ortisei - Sankt Ulrich in Groeden ITA"]
[Date "2016.06.06"]
[Round "4"]
[White "Paulet, Iozefina"]
[Black "De Santis, Alessio"]
[WhiteElo "2187"]
[BlackElo "2275"]
[Result "1-0"]
[PlyCount "119"]
[EventDate "2016.06.04"]

1. e4 b6 2. d4 Bb7 3. Nc3 e6 4. Nf3 Bb4 5. Bd3 Nf6 6. Qe2 d5 7. e5 Ne4 8. Bd2
Nxd2 9. Nxd2 c5 10. Qg4 g6 11. a3 cxd4 12. axb4 dxc3 13. bxc3 Qc7 14. Qg3 Nd7
15. Bb5 Bc6 16. Bxc6 Qxc6 17. O-O O-O 18. f4 a5 19. Rac1 Rfc8 20. Nb1 a4 21.
Rf3 a3 22. Nd2 a2 23. Nb3 Qc4 24. Qe1 Ra3 25. Ra1 Qe4 26. Qc1 Ra7 27. Qd2 Qc4
28. Qd4 Qb5 29. h4 h5 30. Rg3 Nf8 31. Qd2 Kh7 32. Nd4 Qd7 33. Qe2 Rc4 34. Rh3
Ra3 35. Qd2 Kg7 36. Rd3 Qe7 37. g3 Qe8 38. Nb3 Qc8 39. Kf2 Nd7 40. Ke2 Ra7 41.
Nd4 Qa6 42. g4 hxg4 43. h5 Ra8 44. f5 Rh8 45. Qg5 Rxh5 46. Nxe6+ fxe6 47. Qxg6+
Kf8 48. Qxh5 Re4+ 49. Kd1 Rxe5 50. Qh8+ Ke7 51. f6+ Kd6 52. Qd8 Rf5 53. Qe7+
Kc7 54. f7 b5 55. Re3 Rf1+ 56. Kd2 Rxa1 57. f8=Q Rd1+ 58. Kxd1 a1=Q+ 59. Kd2
Qc6 60. Qfd8+ 1-0

[Event "III Festival A"]
[Site "Ortisei - Sankt Ulrich in Groeden ITA"]
[Date "2016.06.06"]
[Round "4"]
[White "Ruecker, Benjamin"]
[Black "Singer, Christoph"]
[WhiteElo "2229"]
[BlackElo "2355"]
[Result "1-0"]
[PlyCount "123"]
[EventDate "2016.06.04"]

1. d4 d5 2. c4 e6 3. Nf3 Nf6 4. g3 dxc4 5. Bg2 Nc6 6. Qa4 Bb4+ 7. Bd2 Nd5 8.
Qb5 Bxd2+ 9. Nbxd2 c3 10. bxc3 Nxc3 11. Qd3 Nd5 12. O-O O-O 13. Rfc1 Bd7 14. a3
f6 15. Nb3 f5 16. Nc5 b6 17. Nxe6 Bxe6 18. Rxc6 Bf7 19. Ne5 Ne7 20. Nxf7 Rxf7
21. Rxc7 Qxc7 22. Bxa8 Rf8 23. Bg2 Rc8 24. Rd1 Qd6 25. a4 Rc7 26. Qb5 Kf8 27.
Bf3 g6 28. Kg2 Rc3 29. Qb2 Rc4 30. d5 Kg8 31. Qb5 Rc8 32. Qa6 Rc7 33. a5 Nc8
34. axb6 axb6 35. h4 Kf7 36. Qa1 Qf6 37. Qb1 Qd6 38. Rd4 Re7 39. Rc4 Rc7 40.
Rf4 Kg7 41. e4 fxe4 42. Qb2+ Kg8 43. Rxe4 Re7 44. Qc3 Qd8 45. Rxe7 Nxe7 46. Qf6
Qf8 47. Qxb6 Nf5 48. Qe6+ Qf7 49. Qxf7+ Kxf7 50. Bg4 Nd6 51. Be6+ Kf6 52. f4 h6
53. g4 Ne4 54. Kf3 Nc5 55. Ke3 Nb7 56. Kd4 Ke7 57. Ke5 Nd6 58. g5 hxg5 59. hxg5
Nc4+ 60. Kd4 Nd6 61. Bg4 Nf7 62. Be2 1-0

[Event "III Festival A"]
[Site "Ortisei - Sankt Ulrich in Groeden ITA"]
[Date "2016.06.06"]
[Round "4"]
[White "Spornberger, Andre"]
[Black "Engl, Stefan"]
[WhiteElo "2307"]
[BlackElo "1964"]
[Result "0-1"]
[PlyCount "166"]
[EventDate "2016.06.04"]

1. d4 e6 2. c4 f5 3. Nc3 Nf6 4. Bf4 Bb4 5. e3 b6 6. Bd3 Bb7 7. f3 Nh5 8. Bg3
Nxg3 9. hxg3 Qg5 10. Kf2 O-O 11. Nge2 c5 12. d5 Bxc3 13. Nxc3 e5 14. e4 g6 15.
Nb5 a6 16. Nd6 Qe7 17. Nxb7 Ra7 18. Qc2 f4 19. gxf4 Rxf4 20. g3 Rf8 21. Nxc5
Qxc5+ 22. Kg2 d6 23. Qf2 Qc7 24. Qe3 Nd7 25. Be2 a5 26. b3 Nf6 27. a3 Qc5 28.
Qxc5 bxc5 29. Bd3 Rb7 30. Bc2 Nh5 31. Raf1 Nf6 32. f4 exf4 33. gxf4 Nh5 34. f5
Rg7 35. Kf2 Nf6 36. Ke1 g5 37. Rh6 Kf7 38. Kd2 Re8 39. Kc3 g4 40. b4 axb4+ 41.
axb4 cxb4+ 42. Kxb4 g3 43. Rh4 h5 44. Rg1 Rg5 45. Kc3 Rh8 46. Kd4 Nd7 47. Bd1
Kf6 48. Be2 Rh6 49. Ke3 Ke5 50. Kf3 Nc5 51. Bd1 Rh8 52. Bc2 Ra8 53. Rg2 Ra3+
54. Ke2 Ra2 55. Kd2 Nb3+ 56. Kd3 Nd4 57. f6 Nxc2 58. f7 Ne1+ 59. Kc3 Ra8 60.
Re2 Nf3 61. Rh3 Ng1 62. Ra2 Rxa2 63. f8=Q Nxh3 64. Qe7+ Kf4 65. Qxd6+ Kg4 66.
Qe6+ Kh4 67. d6 g2 68. Kb3 g1=Q 69. Kxa2 Qe3 70. Qe7 Kg3 71. d7 Ra5+ 72. Kb2
Qd2+ 73. Kb3 Qa2+ 74. Kc3 Qa3+ 75. Qxa3 Rxa3+ 76. Kc2 Ra8 77. c5 Nf4 78. Kc3
Ne6 79. Kc4 Nxc5 80. Kxc5 Kf4 81. Kd5 Rd8 82. Kd6 Kxe4 83. Ke7 Rxd7+ 0-1

[Event "III Festival A"]
[Site "Ortisei - Sankt Ulrich in Groeden ITA"]
[Date "2016.06.06"]
[Round "4"]
[White "Tscharotschkin, Michael"]
[Black "Spornberger, Maximilian"]
[WhiteElo "2205"]
[BlackElo "2306"]
[Result "1/2-1/2"]
[PlyCount "41"]
[EventDate "2016.06.04"]

1. e4 e6 2. d4 d5 3. Nd2 Nf6 4. e5 Nfd7 5. Bd3 c5 6. c3 Nc6 7. Ne2 cxd4 8. cxd4
f6 9. Nf4 Nxd4 10. Qh5+ Ke7 11. Ng6+ hxg6 12. exf6+ Kxf6 13. Qxh8 Kf7 14. O-O
e5 15. Nb3 Nxb3 16. axb3 Nc5 17. Bc2 Bd7 18. b4 Ne6 19. Be3 Bxb4 20. Qxd8 Rxd8
21. Rxa7 1/2-1/2

[Event "III Festival A"]
[Site "Ortisei - Sankt Ulrich in Groeden ITA"]
[Date "2016.06.06"]
[Round "4"]
[White "Vocaturo, Daniele"]
[Black "Sprenger, Jan Michael"]
[WhiteElo "2576"]
[BlackElo "2506"]
[Result "1/2-1/2"]
[PlyCount "59"]
[EventDate "2016.06.04"]

1. e4 c5 2. Nf3 e6 3. d4 cxd4 4. Nxd4 Nc6 5. Nc3 a6 6. g3 Qc7 7. Bg2 Nf6 8. O-O
Nxd4 9. Qxd4 Bc5 10. Bf4 d6 11. Qd2 h6 12. Rad1 e5 13. Be3 Be6 14. Bxc5 dxc5
15. Nd5 Bxd5 16. exd5 Qd6 17. Rfe1 O-O 18. Bh3 Rfe8 19. c4 e4 20. Bg2 Re7 21.
Re3 Rae8 22. Rde1 Qe5 23. b3 b6 24. f4 Qf5 25. h3 h5 26. Qf2 a5 27. Bf1 Qg6 28.
Bg2 Qf5 29. Bf1 Qg6 30. Bg2 1/2-1/2

[Event "III Festival A"]
[Site "Ortisei - Sankt Ulrich in Groeden ITA"]
[Date "2016.06.06"]
[Round "4"]
[White "Volkov, Dmitriy"]
[Black "Paltrinieri, Nicholas"]
[WhiteElo "2338"]
[BlackElo "2198"]
[Result "0-1"]
[PlyCount "76"]
[EventDate "2016.06.04"]

1. e4 e6 2. d4 d5 3. e5 c5 4. c3 Nc6 5. Nf3 Bd7 6. a3 f6 7. Bd3 Qc7 8. O-O
O-O-O 9. Qe2 c4 10. Bc2 h6 11. Nbd2 f5 12. b3 cxb3 13. Nxb3 g5 14. Nfd2 Kb8 15.
c4 Nge7 16. Rb1 Bc8 17. c5 Ng6 18. Re1 h5 19. Nf1 Bh6 20. a4 Ka8 21. Bd3 Rdg8
22. Bb5 f4 23. Rb2 g4 24. Qd3 Nge7 25. Bd2 h4 26. Reb1 Rf8 27. Be1 h3 28. g3
fxg3 29. fxg3 Rf3 30. Qd1 Rhf8 31. Be2 R3f7 32. Qd3 Nf5 33. Bd2 Qe7 34. Bxh6
Nxh6 35. Ne3 Qg5 36. Rf1 Rxf1+ 37. Bxf1 Rf3 38. Re2 Nf5 0-1

[Event "III Festival A"]
[Site "Ortisei - Sankt Ulrich in Groeden ITA"]
[Date "2016.06.06"]
[Round "4"]
[White "Werle, Jan"]
[Black "Dappiano, Andrea"]
[WhiteElo "2563"]
[BlackElo "2288"]
[Result "1-0"]
[PlyCount "53"]
[EventDate "2016.06.04"]

1. d4 e6 2. c4 Bb4+ 3. Nd2 Nf6 4. a3 Be7 5. Ngf3 O-O 6. e4 d5 7. e5 Nfd7 8. Bd3
c5 9. Qc2 h6 10. O-O Nc6 11. Nb3 cxd4 12. Re1 dxc4 13. Qxc4 Nb6 14. Qc2 f5 15.
exf6 Bxf6 16. Bf4 Qd5 17. Bc7 Kh8 18. Be4 Qc4 19. Qd1 e5 20. Bxc6 Qxc6 21. Rc1
Qd5 22. Nxe5 Bf5 23. Rc5 Qg8 24. Nxd4 Nd7 25. Nxf5 Bxe5 26. Qxd7 Rf7 27. Ne7
1-0

[Event "III Festival A"]
[Site "Ortisei - Sankt Ulrich in Groeden ITA"]
[Date "2016.06.07"]
[Round "5"]
[White "Bertagnolli, Alexander"]
[Black "Seresin, Francesco"]
[WhiteElo "2376"]
[BlackElo "2215"]
[Result "1-0"]
[PlyCount "53"]
[EventDate "2016.06.04"]

1. e4 c6 2. d4 d5 3. f3 dxe4 4. fxe4 e5 5. Nf3 exd4 6. Bc4 Nf6 7. O-O Be7 8.
Ng5 O-O 9. Nxf7 Rxf7 10. Bxf7+ Kxf7 11. e5 Nbd7 12. exf6 Nxf6 13. Nd2 Kg8 14.
Nf3 c5 15. Bg5 Bg4 16. Qe2 Nd5 17. Bxe7 Qxe7 18. Qxe7 Nxe7 19. Rae1 Bxf3 20.
Rxe7 Bd5 21. Rc7 b6 22. Re1 Rf8 23. Rxa7 Rf7 24. Re8+ Rf8 25. Ree7 Rf7 26. Rxf7
Bxf7 27. Ra8+ 1-0

[Event "III Festival A"]
[Site "Ortisei - Sankt Ulrich in Groeden ITA"]
[Date "2016.06.07"]
[Round "5"]
[White "Blohberger, Felix"]
[Black "Nelson, Jonathan P"]
[WhiteElo "2300"]
[BlackElo "2183"]
[Result "1/2-1/2"]
[PlyCount "73"]
[EventDate "2016.06.04"]

1. d4 Nf6 2. c4 d6 3. Nf3 Nbd7 4. Nc3 e5 5. g3 Be7 6. Bg2 c6 7. O-O e4 8. Nd2
d5 9. cxd5 cxd5 10. f3 exf3 11. Nxf3 O-O 12. Qd3 Nb6 13. a4 Be6 14. Ne5 Rc8 15.
Bf4 Nc4 16. Nxc4 Rxc4 17. b3 Rc8 18. Rfc1 Qa5 19. Qb5 Qb4 20. Qxb4 Bxb4 21. Nb5
Rxc1+ 22. Rxc1 a6 23. Nc7 Rc8 24. Nxe6 Rxc1+ 25. Bxc1 fxe6 26. Kf1 Bc3 27. e3
e5 28. dxe5 Bxe5 29. Ke2 b6 30. Kd3 Kf7 31. Ba3 g5 32. Bb4 Ke6 33. a5 bxa5 34.
Bxa5 h5 35. Bd8 g4 36. b4 Bd6 37. Bxf6 1/2-1/2

[Event "III Festival A"]
[Site "Ortisei - Sankt Ulrich in Groeden ITA"]
[Date "2016.06.07"]
[Round "5"]
[White "Codenotti, Marco"]
[Black "Bjerre, Jonas"]
[WhiteElo "2451"]
[BlackElo "2410"]
[Result "1-0"]
[PlyCount "67"]
[EventDate "2016.06.04"]

1. e4 c5 2. Nf3 e6 3. d4 cxd4 4. Nxd4 Nc6 5. Nc3 Qc7 6. g3 a6 7. Bg2 Nf6 8. O-O
d6 9. Nxc6 bxc6 10. b3 Be7 11. Na4 e5 12. c4 O-O 13. Bb2 Be6 14. Qe2 Nd7 15. f4
f6 16. Rad1 Nb6 17. Nc3 a5 18. Bf3 a4 19. Bg4 Bf7 20. c5 dxc5 21. fxe5 fxe5 22.
Nxa4 Nxa4 23. Rd7 Qb6 24. Rxe7 c4+ 25. Kg2 Nxb2 26. Rexf7 Rxf7 27. Be6 Qd4 28.
Rxf7 Kh8 29. Rd7 c3 30. Rxd4 exd4 31. Bc4 d3 32. Bxd3 Rd8 33. Bc2 Rd2 34. Kf3
1-0

[Event "III Festival A"]
[Site "Ortisei - Sankt Ulrich in Groeden ITA"]
[Date "2016.06.07"]
[Round "5"]
[White "Corvi, Marco"]
[Black "Paulet, Iozefina"]
[WhiteElo "2305"]
[BlackElo "2187"]
[Result "1-0"]
[PlyCount "73"]
[EventDate "2016.06.04"]

1. Nf3 Nf6 2. c4 g6 3. Nc3 d6 4. g3 Bg7 5. Bg2 O-O 6. O-O e5 7. d4 Nbd7 8. dxe5
Nxe5 9. Nxe5 dxe5 10. Qxd8 Rxd8 11. Bg5 Rd7 12. h3 c6 13. Rac1 h6 14. Be3 Nh5
15. b4 f5 16. b5 Rc7 17. Bxa7 e4 18. Bb6 Rf7 19. Rfd1 Bxc3 20. Rxc3 Rxa2 21.
bxc6 bxc6 22. Rd6 Rf6 23. Rd8+ Rf8 24. Rxf8+ Kxf8 25. Be3 g5 26. Rb3 Ke8 27. g4
Nf4 28. Bxf4 gxf4 29. Rb8 Kd8 30. gxf5 Kc7 31. f6 Be6 32. Re8 Kd7 33. Re7+ Kd6
34. c5+ Kd5 35. Bxe4+ Kxe4 36. Rxe6+ Kd5 37. f7 1-0

[Event "III Festival A"]
[Site "Ortisei - Sankt Ulrich in Groeden ITA"]
[Date "2016.06.07"]
[Round "5"]
[White "De Eccher, Stefano"]
[Black "Spornberger, Andre"]
[WhiteElo "2211"]
[BlackElo "2307"]
[Result "0-1"]
[PlyCount "54"]
[EventDate "2016.06.04"]

1. e4 e6 2. d4 d5 3. Nc3 Bb4 4. Nge2 Nf6 5. e5 Nfd7 6. Qd3 b6 7. Qg3 g6 8. Bg5
Be7 9. h4 a6 10. O-O-O c5 11. f4 h5 12. Bxe7 Qxe7 13. f5 gxf5 14. Nf4 Bb7 15.
Be2 cxd4 16. Rxd4 Nc6 17. Rdd1 Ncxe5 18. Bxh5 O-O-O 19. Be2 Rdg8 20. Qf2 Ng4
21. Bxg4 Rxg4 22. g3 Qc5 23. Qxc5+ bxc5 24. Rhg1 Rhg8 25. Nce2 Nf6 26. h5 Ne4
27. h6 Rh8 0-1

[Event "III Festival A"]
[Site "Ortisei - Sankt Ulrich in Groeden ITA"]
[Date "2016.06.07"]
[Round "5"]
[White "Engl, Stefan"]
[Black "Castellanos Rodriguez, Renier"]
[WhiteElo "1964"]
[BlackElo "2484"]
[Result "1/2-1/2"]
[PlyCount "86"]
[EventDate "2016.06.04"]

1. e4 c5 2. d4 cxd4 3. c3 d3 4. Bxd3 Nc6 5. Nf3 d6 6. h3 g6 7. O-O Bg7 8. c4
Nf6 9. Nc3 Nd7 10. Be3 Bxc3 11. bxc3 O-O 12. Nd4 Nde5 13. c5 dxc5 14. Nxc6 Nxc6
15. Bb5 Qc7 16. Bxc5 Na5 17. Bb4 Be6 18. Qa4 b6 19. Bxa5 bxa5 20. Rac1 Rfd8 21.
Rfd1 Rxd1+ 22. Qxd1 Rd8 23. Qe2 Qc5 24. a4 Kg7 25. c4 Bc8 26. Qe3 Qxe3 27. fxe3
a6 28. Bc6 Rd6 29. Ba8 Rd7 30. c5 Rc7 31. Bd5 e6 32. Bb3 Kf6 33. Rc4 Bb7 34.
Kf2 Ke5 35. Bc2 g5 36. g4 h6 37. Ke1 Bc6 38. Rd4 Bb7 39. Rc4 Rc8 40. Kd2 Bc6
41. Kc3 Bb7 42. Kd2 Rc7 43. Kc3 Rc8 1/2-1/2

[Event "III Festival A"]
[Site "Ortisei - Sankt Ulrich in Groeden ITA"]
[Date "2016.06.07"]
[Round "5"]
[White "Gaehwiler, Gabriel"]
[Black "Werle, Jan"]
[WhiteElo "2363"]
[BlackElo "2563"]
[Result "0-1"]
[PlyCount "120"]
[EventDate "2016.06.04"]

1. c4 Nf6 2. Nc3 e5 3. Nf3 Nc6 4. e4 Bb4 5. d3 h6 6. g3 d6 7. Bg2 Bg4 8. h3
Bxf3 9. Bxf3 Nd4 10. Bg2 a5 11. O-O Bc5 12. Rb1 c6 13. a3 O-O 14. b4 axb4 15.
axb4 Bb6 16. b5 Nd7 17. bxc6 bxc6 18. Na4 Rxa4 19. Qxa4 Ne2+ 20. Kh2 Nc3 21.
Qc2 Nxb1 22. Qxb1 Qa8 23. Qc2 Bd4 24. Qe2 Nc5 25. Be3 Bxe3 26. fxe3 Qa3 27. d4
Ne6 28. d5 Nc5 29. dxc6 Qa6 30. Rd1 Qxc6 31. Qd2 Rd8 32. Qc2 Rb8 33. Rb1 Rb6
34. Qa2 g6 35. Rf1 Qb7 36. Qd2 Kg7 37. Qf2 Qe7 38. Qc2 Rb3 39. Qe2 Nd7 40. Rd1
Nf6 41. Qd2 Ne8 42. Rc1 Rb7 43. Rd1 Rc7 44. Qb4 Rc6 45. Ra1 Qc7 46. Ra4 Nf6 47.
Qa3 Qb6 48. Qd3 Qb7 49. Qa3 Qb6 50. Qd3 h5 51. Ra8 Qb4 52. Rd8 Rb6 53. Qd1 Ra6
54. Qd3 Qb6 55. Rc8 Qb7 56. Rd8 Qc7 57. c5 Qxd8 58. Qxa6 dxc5 59. Qc6 Qa5 60.
Qc8 Qc3 0-1

[Event "III Festival A"]
[Site "Ortisei - Sankt Ulrich in Groeden ITA"]
[Date "2016.06.07"]
[Round "5"]
[White "Haag, Martin"]
[Black "Tscharotschkin, Michael"]
[WhiteElo "2308"]
[BlackElo "2205"]
[Result "1/2-1/2"]
[PlyCount "38"]
[EventDate "2016.06.04"]

1. c4 c5 2. g3 g6 3. Bg2 Bg7 4. Nc3 d6 5. Nf3 Nc6 6. O-O Nh6 7. d4 cxd4 8. Bxh6
Bxh6 9. Nxd4 Bd7 10. c5 dxc5 11. Nxc6 Bxc6 12. Bxc6+ bxc6 13. Qc2 O-O 14. Na4
Qa5 15. Nxc5 Rad8 16. Nd3 Rd6 17. b4 Qh5 18. Rad1 Rfd8 19. Kg2 Qd5+ 1/2-1/2

[Event "III Festival A"]
[Site "Ortisei - Sankt Ulrich in Groeden ITA"]
[Date "2016.06.07"]
[Round "5"]
[White "Kindermann, Stefan"]
[Black "Kristensen, Kaare Hove"]
[WhiteElo "2515"]
[BlackElo "2367"]
[Result "1/2-1/2"]
[PlyCount "35"]
[EventDate "2016.06.04"]

1. e4 c5 2. Nf3 Nf6 3. e5 Nd5 4. g3 Nc6 5. Bg2 d6 6. exd6 Qxd6 7. O-O e6 8. d4
Be7 9. Na3 cxd4 10. Nb5 Qc5 11. Nbxd4 Bf6 12. Nxc6 Qxc6 13. Qe2 O-O 14. Rd1 b5
15. Nd4 Bxd4 16. Rxd4 Bb7 17. Bxd5 exd5 18. Be3 1/2-1/2

[Event "III Festival A"]
[Site "Ortisei - Sankt Ulrich in Groeden ITA"]
[Date "2016.06.07"]
[Round "5"]
[White "Krulich, Roman"]
[Black "Barp, Alberto"]
[WhiteElo "2215"]
[BlackElo "2326"]
[Result "1-0"]
[PlyCount "111"]
[EventDate "2016.06.04"]

1. e4 c5 2. c3 d5 3. exd5 Qxd5 4. d4 Nf6 5. Nf3 cxd4 6. cxd4 e6 7. Nc3 Qd6 8.
g3 Be7 9. Bg2 O-O 10. O-O Nc6 11. Bf4 Qd8 12. a3 Nd5 13. Nxd5 exd5 14. Ne5 Be6
15. Be3 Qb6 16. Nxc6 bxc6 17. Qd2 a5 18. f4 f5 19. Rac1 Rab8 20. Rc2 Bd7 21.
Bf2 Bf6 22. Re1 g6 23. h3 Rfe8 24. Rxe8+ Rxe8 25. Bf3 Rb8 26. Kg2 a4 27. Bd1
Kf7 28. Qc3 Be7 29. Rd2 Qa6 30. Qc2 Ra8 31. h4 Qb6 32. h5 g5 33. Bg4 Qb3 34.
Bxf5 Qxc2 35. Bxc2 gxf4 36. Bxh7 Bg5 37. Bg6+ Kg7 38. gxf4 Bxf4 39. Re2 Bg5 40.
Bg3 Bg4 41. Rc2 Ra6 42. Be8 Bf5 43. Rxc6 Rxc6 44. Bxc6 Be4+ 45. Kf2 Bc1 46. Bd6
Bxb2 47. Bc5 Kh6 48. Bxa4 Kxh5 49. Bc6 Bc3 50. Bb6 Kg6 51. a4 Kf6 52. a5 Bd3
53. Bb7 Kf5 54. Ke3 Bxa5 55. Bxa5 Be4 56. Bc7 1-0

[Event "III Festival A"]
[Site "Ortisei - Sankt Ulrich in Groeden ITA"]
[Date "2016.06.07"]
[Round "5"]
[White "Ledger, Andrew J"]
[Black "Molina, Fabrizio"]
[WhiteElo "2380"]
[BlackElo "2222"]
[Result "1-0"]
[PlyCount "69"]
[EventDate "2016.06.04"]

1. d4 d5 2. c4 c6 3. Nc3 Nf6 4. e3 a6 5. Nf3 b5 6. b3 Bg4 7. Be2 e6 8. O-O Nbd7
9. h3 Bh5 10. Bb2 Be7 11. Ne5 Bxe2 12. Nxe2 Nxe5 13. dxe5 Nd7 14. Nd4 Rc8 15.
cxd5 cxd5 16. Rc1 Bc5 17. e4 dxe4 18. Qg4 O-O 19. Qxe4 Qg5 20. Nc6 Qd2 21. Bd4
Rxc6 22. Rcd1 Qxa2 23. Qxc6 Bxd4 24. Rxd4 Nxe5 25. Qc7 Ng6 26. b4 h6 27. Rfd1
e5 28. Rd8 Qb3 29. Qc5 Rxd8 30. Rxd8+ Kh7 31. g3 Qb1+ 32. Kh2 e4 33. Re8 f6 34.
Qf5 Qxb4 35. h4 1-0

[Event "III Festival A"]
[Site "Ortisei - Sankt Ulrich in Groeden ITA"]
[Date "2016.06.07"]
[Round "5"]
[White "Martinez, Ayelen"]
[Black "Enkhtuul, Altan-Ulzii"]
[WhiteElo "2146"]
[BlackElo "2258"]
[Result "1-0"]
[PlyCount "81"]
[EventDate "2016.06.04"]

1. e4 Nf6 2. e5 Nd5 3. d4 d6 4. c4 Nb6 5. exd6 exd6 6. Nc3 Be7 7. Bd3 Nc6 8.
Nge2 Bf6 9. Be3 Bg4 10. f3 Bh4+ 11. g3 Bxf3 12. O-O Bxe2 13. Qxe2 Be7 14. Rae1
O-O 15. Nd5 Nxd5 16. cxd5 Nb8 17. Bh6 Bg5 18. Qe4 g6 19. Bxf8 Qxf8 20. h4 Bh6
21. h5 Na6 22. a3 Bg5 23. Qg4 Qh6 24. Qd7 Rf8 25. Re8 f5 26. Rfe1 Nb8 27. Qe6+
Kh8 28. Qf7 Be3+ 29. Kg2 Nd7 30. Qxd7 f4 31. Qf7 Rxe8 32. Qxe8+ Kg7 33. Qe7+
Kg8 34. Qd8+ Kf7 35. Qxc7+ Kg8 36. Qc8+ Kg7 37. Qg4 Kf8 38. gxf4 Bxf4 39. Qc8+
Kg7 40. Qd7+ Kf6 41. Qe7# 1-0

[Event "III Festival A"]
[Site "Ortisei - Sankt Ulrich in Groeden ITA"]
[Date "2016.06.07"]
[Round "5"]
[White "Nabaty, Tamir"]
[Black "Markus, Robert"]
[WhiteElo "2610"]
[BlackElo "2662"]
[Result "1/2-1/2"]
[PlyCount "81"]
[EventDate "2016.06.04"]

1. e4 c5 2. Nf3 e6 3. d4 cxd4 4. Nxd4 a6 5. c4 b6 6. Nc3 Bb7 7. Be2 Qc7 8. O-O
Nf6 9. Qd3 Nc6 10. Nxc6 Bxc6 11. f4 Qd6 12. Be3 Qxd3 13. Bxd3 Rb8 14. e5 Ng4
15. Bd4 f5 16. exf6 Nxf6 17. Rae1 Bc5 18. Bxc5 bxc5 19. b3 Kf7 20. f5 Rhe8 21.
Be4 Rbc8 22. Bxc6 Rxc6 23. Re5 exf5 24. Rexf5 Kg6 25. Nd5 Nxd5 26. Rxd5 d6 27.
h4 Re5 28. Rd3 Re7 29. Rf8 Kh5 30. Rf4 a5 31. Kh2 a4 32. bxa4 Ra6 33. Kh3 g6
34. Rd5+ Kh6 35. h5 Re5 36. hxg6 hxg6 37. Rxe5 dxe5 38. Re4 Rxa4 39. Rxe5 Rxc4
40. a4 Rxa4 41. Rxc5 1/2-1/2

[Event "III Festival A"]
[Site "Ortisei - Sankt Ulrich in Groeden ITA"]
[Date "2016.06.07"]
[Round "5"]
[White "Nisipeanu, Liviu-Dieter"]
[Black "Vocaturo, Daniele"]
[WhiteElo "2668"]
[BlackElo "2576"]
[Result "1-0"]
[PlyCount "51"]
[EventDate "2016.06.04"]

1. d4 Nf6 2. c4 g6 3. Nf3 Bg7 4. g3 O-O 5. Bg2 d6 6. O-O Nc6 7. Nc3 e5 8. dxe5
Nxe5 9. Nxe5 dxe5 10. Qxd8 Rxd8 11. Bg5 Rd7 12. h3 c6 13. Rac1 Ne8 14. b4 Rd4
15. b5 Rxc4 16. bxc6 bxc6 17. Nd5 Rxc1 18. Ne7+ Kf8 19. Rxc1 Bf6 20. Nxc8 Bxg5
21. Rxc6 Rb8 22. e3 Bd8 23. Bf1 a5 24. a4 Bc7 25. Na7 Ke7 26. Rxc7+ 1-0

[Event "III Festival A"]
[Site "Ortisei - Sankt Ulrich in Groeden ITA"]
[Date "2016.06.07"]
[Round "5"]
[White "Paltrinieri, Nicholas"]
[Black "Lodici, Lorenzo"]
[WhiteElo "2198"]
[BlackElo "2379"]
[Result "0-1"]
[PlyCount "80"]
[EventDate "2016.06.04"]

1. d4 f5 2. Bg5 h6 3. Bh4 g5 4. e4 Nf6 5. e5 e6 6. Bg3 f4 7. Bd3 Rg8 8. exf6
Qxf6 9. Nf3 Nc6 10. c3 d5 11. Bb5 Bd6 12. Qe2 Bd7 13. Nbd2 Ke7 14. O-O-O fxg3
15. fxg3 g4 16. Ne1 Raf8 17. Rf1 Qg6 18. Nc2 a6 19. Bd3 Qg5 20. Ne3 h5 21. Nf5+
Kd8 22. Nxd6 cxd6 23. Kb1 e5 24. dxe5 Nxe5 25. Bc2 Bb5 26. Rxf8+ Rxf8 27. Qe1
Nd3 28. Bxd3 Bxd3+ 29. Ka1 Re8 30. Qf2 Qe3 31. Qf6+ Kc7 32. Qf7+ Kb8 33. Qxd5
Qxd2 34. Qxd6+ Ka8 35. Qd8+ Rxd8 36. Rxd2 Rf8 37. b3 Be4 38. Re2 Bc6 39. Re5
Bxg2 40. Rxh5 Bh3 0-1

[Event "III Festival A"]
[Site "Ortisei - Sankt Ulrich in Groeden ITA"]
[Date "2016.06.07"]
[Round "5"]
[White "Pijpers, Arthur"]
[Black "Neverov, Valeriy"]
[WhiteElo "2471"]
[BlackElo "2507"]
[Result "1-0"]
[PlyCount "133"]
[EventDate "2016.06.04"]

1. e4 c5 2. Nf3 e6 3. d4 cxd4 4. Nxd4 a6 5. Nc3 b5 6. Bd3 Bb7 7. O-O Nc6 8.
Nxc6 Bxc6 9. Re1 Bc5 10. Qh5 d6 11. e5 dxe5 12. Rxe5 Nf6 13. Rxe6+ Be7 14. Qc5
fxe6 15. Qxc6+ Kf7 16. Qf3 h6 17. Bf4 Bd6 18. Ne2 g5 19. Bg3 Qb6 20. Bxd6 Qxd6
21. Rd1 Rad8 22. Bg6+ Kxg6 23. Rxd6 Rxd6 24. h4 Rhd8 25. g3 Rd2 26. Qe3 e5 27.
Nc3 gxh4 28. Ne4 Rd1+ 29. Kg2 R8d4 30. Nxf6 Kxf6 31. Qxh6+ Kf7 32. c3 Rd6 33.
Qxh4 R1d2 34. Qh5+ Ke6 35. Qg6+ Kd5 36. Qf7+ Kc6 37. g4 Rxb2 38. g5 e4 39. Qe8+
Kc7 40. Qe7+ Rd7 41. Qe5+ Kb6 42. Qe6+ Kc7 43. g6 Rdd2 44. Qf7+ Rd7 45. Qf4+
Kb6 46. Qxe4 Rbd2 47. Qg4 Rg7 48. Qe6+ Ka5 49. c4 Rd4 50. cxb5 axb5 51. Kh3 Rc7
52. Qe3 Rdc4 53. Qd2+ Ka4 54. f4 Rc2 55. Qd5 R7c3+ 56. Kg4 Rc1 57. f5 Rg1+ 58.
Kf4 Rcg3 59. Ke5 b4 60. Qa8+ Kb5 61. Kf6 Rg4 62. Qd5+ Ka4 63. Qb3+ Kb5 64. a3
Rc1 65. axb4 Rc6+ 66. Ke5 Rxb4 67. Qxb4+ 1-0

[Event "III Festival A"]
[Site "Ortisei - Sankt Ulrich in Groeden ITA"]
[Date "2016.06.07"]
[Round "5"]
[White "Prasanna, Raghuram Rao"]
[Black "Ruecker, Benjamin"]
[WhiteElo "2466"]
[BlackElo "2229"]
[Result "1/2-1/2"]
[PlyCount "64"]
[EventDate "2016.06.04"]

1. e4 e5 2. Nf3 Nc6 3. Bb5 Nf6 4. d3 Bc5 5. O-O d6 6. c3 O-O 7. Be3 Bxe3 8.
fxe3 Ne7 9. Nbd2 Ng6 10. Qe2 c6 11. Ba4 Qb6 12. Nc4 Qc7 13. Bb3 h6 14. Ncd2 Re8
15. Rae1 Be6 16. Qf2 Bxb3 17. axb3 d5 18. Nh4 Nxh4 19. Qxh4 Qe7 20. Rf3 dxe4
21. Rg3 Kh8 22. Nxe4 Nxe4 23. Qxe4 Qe6 24. Rf1 Rad8 25. Qf5 Qxf5 26. Rxf5 Kg8
27. e4 c5 28. Rf1 Re6 29. Ra1 a6 30. Kf2 Rb6 31. Ra3 Rdd6 32. Ke2 Kf8 1/2-1/2

[Event "III Festival A"]
[Site "Ortisei - Sankt Ulrich in Groeden ITA"]
[Date "2016.06.07"]
[Round "5"]
[White "Singer, Christoph"]
[Black "Pedersen, Henrik Bolding"]
[WhiteElo "2355"]
[BlackElo "2206"]
[Result "1-0"]
[PlyCount "85"]
[EventDate "2016.06.04"]

1. e4 c6 2. d4 d5 3. exd5 cxd5 4. Bd3 Nc6 5. c3 Qc7 6. Ne2 Bg4 7. O-O e6 8. Qe1
Bxe2 9. Qxe2 Bd6 10. h3 Nge7 11. Be3 Ng6 12. Nd2 Nf4 13. Bxf4 Bxf4 14. Nf3 O-O
15. g3 e5 16. gxf4 e4 17. Bxe4 dxe4 18. Qxe4 Rfe8 19. Ne5 Qd6 20. Qf3 Ne7 21.
Kh2 Nf5 22. Rg1 f6 23. Nd3 Re7 24. Rae1 Rae8 25. Rxe7 Rxe7 26. Re1 g6 27. Rxe7
Qxe7 28. Kg1 h5 29. Kf1 b6 30. Nb4 Kg7 31. Qe2 Qd7 32. Qe4 Nd6 33. Qd3 a5 34.
Nd5 Qc6 35. Qxg6+ Kxg6 36. Ne7+ Kf7 37. Nxc6 Ke6 38. Ke2 Kd5 39. Ne7+ Ke6 40.
Nc6 Kd5 41. Nb8 b5 42. Nd7 f5 43. Nf6+ 1-0

[Event "III Festival A"]
[Site "Ortisei - Sankt Ulrich in Groeden ITA"]
[Date "2016.06.07"]
[Round "5"]
[White "Sprenger, Jan Michael"]
[Black "Bogner, Sebastian"]
[WhiteElo "2506"]
[BlackElo "2527"]
[Result "1/2-1/2"]
[PlyCount "38"]
[EventDate "2016.06.04"]

1. e4 e5 2. Nf3 Nc6 3. Bb5 Nf6 4. O-O Nxe4 5. Re1 Nd6 6. Nxe5 Be7 7. Bf1 Nxe5
8. Rxe5 O-O 9. d4 Ne8 10. d5 Bc5 11. Be3 d6 12. Bxc5 dxc5 13. Nc3 Nd6 14. Qd2
Bd7 15. Bd3 Re8 16. f4 f6 17. Rxe8+ Qxe8 18. Re1 Qf8 19. Ne4 b6 1/2-1/2

[Event "III Festival A"]
[Site "Ortisei - Sankt Ulrich in Groeden ITA"]
[Date "2016.06.07"]
[Round "5"]
[White "Terao, Juliana Sayumi"]
[Black "Herzog, Adolf"]
[WhiteElo "2228"]
[BlackElo "2358"]
[Result "1/2-1/2"]
[PlyCount "61"]
[EventDate "2016.06.04"]

1. e4 e6 2. d4 d5 3. Nd2 c5 4. exd5 Qxd5 5. Ngf3 cxd4 6. Bc4 Qd6 7. O-O Nf6 8.
Nb3 Nc6 9. Nbxd4 Nxd4 10. Nxd4 Bd7 11. c3 Qc7 12. Qe2 Bd6 13. Nb5 Bxb5 14.
Bxb5+ Ke7 15. g3 Rhd8 16. Bg5 Qc5 17. Bxf6+ gxf6 18. Rad1 Rg8 19. Kg2 Rg5 20.
Ba4 Rd8 21. Rd4 Bc7 22. Rxd8 Bxd8 23. Rd1 Rd5 24. Qf3 Bb6 25. Rxd5 Qxd5 26.
Qxd5 exd5 27. Bc2 h6 28. f4 Be3 29. Kf3 Bc1 30. b3 Bb2 31. c4 1/2-1/2